000 00906nam a2200289Ia 4500
003 GCL
008 140319s9999 xx 000 0 ara d
040 _aGCL /
_cGCL
082 0 4 _aع
_b796.4
_bب ت
100 1 _aمركز التعريب والترجمة
245 1 0 _aتمديد العضلات /
_cمركز التعريب والترجمة
700 1 _aاندرسون, بوب
260 _a[S.N] :
_bالدار العربية للعلوم
300 _a188ص
490 _a
650 0 4 _aالرياضة البدنية
650 0 4 _aالالعاب الرياضية
650 0 4 _aكرة القدم
650 0 4 _aالتربية البدنية
650 0 4 _aالتمرينات الرياضية
650 0 4 _aالكرة الطائرة
650 0 4 _aالعضلات
650 0 4 _aالجمباز
650 0 4 _aكرة الماء
650 0 4 _aاللياقة البدنية
942 _2ddc
_cBK
999 _c30406
_d30406